[Event "16. Obert Int. Sant Martí 2014 Grupo B"]
[Site "Barcelona ESP"]
[Date "2014.07.16"]
[Round "4.6"]
[White "Navarro Gutierrez, Andres Camilo"]
[Black "Palacios Peña, Gerardo"]
[Result "1/2-1/2"]
[WhiteElo "2078"]
[BlackElo "1993"]
[PlyCount "45"]
[EventDate "2014.07.13"]
[EventType "swiss"]
[EventRounds "9"]
[EventCountry "ESP"]
[Source "lmi"]
[SourceDate "2014.07.13"]

1. c4 Nf6 2. Nc3 e6 3. g3 d5 4. d4 Be7 5. Bg2 c6 6. b3 Bb4 7. Bb2 Qa5 8. Qd2
Ne4 9. Bxe4 dxe4 10. a3 Bxc3 11. Qxc3 Qxc3+ 12. Bxc3 O-O 13. h4 Nd7 14. Nh3 h6
15. O-O Re8 16. Kg2 e5 17. Rfd1 exd4 18. Bxd4 Nf8 19. Nf4 Ne6 20. Nxe6 Bxe6 21.
Rd2 Rad8 22. Rad1 b6 23. Bc3 1/2-1/2

[Event "16. Obert Int. Sant Martí 2014 Grupo B"]
[Site "Barcelona ESP"]
[Date "2014.07.16"]
[Round "4.7"]
[White "Febrero Perez, Lluis"]
[Black "Andreu Termes, Frederic"]
[Result "0-1"]
[WhiteElo "1887"]
[BlackElo "2076"]
[PlyCount "114"]
[EventDate "2014.07.13"]
[EventType "swiss"]
[EventRounds "9"]
[EventCountry "ESP"]
[Source "lmi"]
[SourceDate "2014.07.13"]

1. e4 g6 2. Nf3 Bg7 3. d4 d6 4. c3 Nd7 5. Bb5 c6 6. Ba4 e6 7. Bf4 Nb6 8. Bb3
Ne7 9. O-O O-O 10. Na3 a5 11. Qd3 d5 12. Be5 f6 13. Bg3 Nd7 14. exd5 exd5 15.
Rfe1 Nf5 16. Bf4 Nb6 17. c4 dxc4 18. Nxc4 Nd5 19. Ne3 Nfxe3 20. fxe3 Kh8 21.
Bg3 a4 22. Bd1 f5 23. Be5 Nf6 24. Qc4 Qe8 25. Ng5 h6 26. Nh3 Ne4 27. Bxg7+ Kxg7
28. Nf4 Rf6 29. Bf3 Nd2 30. Qe2 Nxf3+ 31. Qxf3 Rd6 32. Rac1 Be6 33. Qg3 Kh7 34.
e4 fxe4 35. Rxe4 Qf7 36. Nxg6 Qxg6 37. Qxg6+ Kxg6 38. a3 Rad8 39. d5 Bxd5 40.
Rxa4 Re6 41. Rb4 Rd7 42. Rc3 Re2 43. Rg3+ Kh7 44. h3 b5 45. b3 Rf7 46. a4 bxa4
47. bxa4 Ra7 48. Rgg4 Rg7 49. Rxg7+ Kxg7 50. g4 Kg6 51. h4 Rg2+ 52. Kf1 Rh2 53.
h5+ Kg5 54. a5 Rh1+ 55. Kf2 Ra1 56. Ke3 Rxa5 57. Rf4 Ra3+ 0-1

[Event "16. Obert Int. Sant Martí 2014 Grupo B"]
[Site "Barcelona ESP"]
[Date "2014.07.16"]
[Round "4.8"]
[White "Rodriguez Llorens, Jorge"]
[Black "Pallares Gurrea, Aitor Alexander"]
[Result "0-1"]
[WhiteElo "2059"]
[BlackElo "1956"]
[PlyCount "82"]
[EventDate "2014.07.13"]
[EventType "swiss"]
[EventRounds "9"]
[EventCountry "ESP"]
[Source "lmi"]
[SourceDate "2014.07.13"]

1. e4 e5 2. Nf3 Nc6 3. Bc4 Bc5 4. c3 d6 5. b4 Bb6 6. a4 a5 7. b5 Nb8 8. d3 h6
9. O-O Nf6 10. Be3 c6 11. bxc6 bxc6 12. Bxf7+ Kxf7 13. Qb3+ Be6 14. Qxb6 Qxb6
15. Bxb6 c5 16. Bc7 Ke7 17. Bxb8 Rhxb8 18. c4 Rb3 19. Rd1 Bg4 20. Na3 Nh5 21.
Nb5 Nf4 22. Rab1 Rb4 23. Ra1 Rb8 24. Rd2 Bxf3 25. gxf3 Ne6 26. Kg2 Rf8 27. Nc3
Rb3 28. Nd5+ Kd7 29. h4 Nd4 30. f4 exf4 31. f3 Nc6 32. Kf2 Ne5 33. Ke2 Rf7 34.
Rg1 Kc6 35. Rc1 g5 36. hxg5 hxg5 37. Rh1 g4 38. fxg4 f3+ 39. Kf2 Nxd3+ 40. Kg3
f2 41. Rf1 Ne1+ 0-1

[Event "16. Obert Int. Sant Martí 2014 Grupo B"]
[Site "Barcelona ESP"]
[Date "2014.07.16"]
[Round "4.9"]
[White "Minguell Soler, Joan"]
[Black "Roche Peris, Eduard"]
[Result "1/2-1/2"]
[WhiteElo "2046"]
[BlackElo "1925"]
[PlyCount "50"]
[EventDate "2014.07.13"]
[EventType "swiss"]
[EventRounds "9"]
[EventCountry "ESP"]
[Source "lmi"]
[SourceDate "2014.07.13"]

1. d4 d5 2. c4 e6 3. Nc3 Nf6 4. Bg5 Be7 5. cxd5 Nxd5 6. Bxe7 Qxe7 7. Nf3 O-O 8.
e3 Nxc3 9. bxc3 b6 10. Be2 Bb7 11. O-O Nd7 12. Qb3 c5 13. a4 cxd4 14. cxd4 e5
15. Rfd1 exd4 16. Rxd4 Nc5 17. Qb4 Qf6 18. a5 Ne6 19. Rdd1 Ng5 20. Nxg5 Qxg5
21. Qg4 Qf6 22. h3 Rad8 23. axb6 Qxb6 24. Rdb1 Bc8 25. Qg3 Qc5 1/2-1/2

[Event "16. Obert Int. Sant Martí 2014 Grupo B"]
[Site "Barcelona ESP"]
[Date "2014.07.16"]
[Round "4.10"]
[White "Barragan Hernandez, Manel"]
[Black "Petit Montes, Marc"]
[Result "1/2-1/2"]
[WhiteElo "1990"]
[BlackElo "2040"]
[PlyCount "121"]
[EventDate "2014.07.13"]
[EventType "swiss"]
[EventRounds "9"]
[EventCountry "ESP"]
[Source "lmi"]
[SourceDate "2014.07.13"]

1. e4 c6 2. d4 d5 3. Nc3 dxe4 4. Nxe4 Bf5 5. Ng3 Bg6 6. h4 h6 7. Nf3 Nd7 8. h5
Bh7 9. Bd3 Bxd3 10. Qxd3 Qc7 11. Bd2 Ngf6 12. O-O-O O-O-O 13. Ne4 Nxe4 14. Qxe4
Nf6 15. Qe2 e6 16. g3 Bd6 17. c4 c5 18. Bc3 cxd4 19. Nxd4 a6 20. Kb1 Nd7 21. b4
Be5 22. f4 Bf6 23. Rc1 Nb6 24. Nb5 Qe7 25. Bxf6 gxf6 26. c5 Kb8 27. Nd6 Nc8 28.
Nxc8 Rxc8 29. Rc2 Rhd8 30. Rhc1 Rd4 31. a3 Qd7 32. c6 Qd5 33. c7+ Ka8 34. Rc3
Rd2 35. Qc4 Qxc4 36. Rxc4 b5 37. Rc6 Kb7 38. f5 Re2 39. Rd6 Re5 40. Rd7 Rxf5
41. Rxf7 e5 42. Rc5 Rf3 43. Kb2 e4 44. g4 Rf4 45. Rf5 Rxf5 46. gxf5 Rxc7 47.
Rxf6 e3 48. Re6 Rf7 49. Rxe3 Rxf5 50. Re7+ Kb8 51. Re6 Rxh5 52. Rxa6 Kb7 53.
Ra5 Kb6 54. a4 Rh2+ 55. Kc3 Rh3+ 56. Kd4 bxa4 57. Rxa4 Kb5 58. Ra8 Rh4+ 59. Kc3
Rc4+ 60. Kd3 Rxb4 61. Rb8+ 1/2-1/2

[Event "16. Obert Int. Sant Martí 2014 Grupo B"]
[Site "Barcelona ESP"]
[Date "2014.07.16"]
[Round "4.11"]
[White "Laszczak, Przemyslaw"]
[Black "Garcia Ruiz, Adrian"]
[Result "1/2-1/2"]
[WhiteElo "1610"]
[BlackElo "2023"]
[PlyCount "57"]
[EventDate "2014.07.13"]
[EventType "swiss"]
[EventRounds "9"]
[EventCountry "ESP"]
[Source "lmi"]
[SourceDate "2014.07.13"]

1. Nf3 Nf6 2. g3 d5 3. d4 c6 4. c4 dxc4 5. Nbd2 Bf5 6. Nxc4 e6 7. Bg2 Bb4+ 8.
Bd2 Be7 9. O-O O-O 10. Re1 Nbd7 11. Nfe5 Be4 12. f3 Bg6 13. Nxg6 hxg6 14. e4
Nb6 15. Nxb6 Qxb6 16. Bc3 e5 17. Qb3 exd4 18. Qxb6 axb6 19. Bxd4 Rfd8 20. Bc3
Bc5+ 21. Kf1 Rd3 22. Ke2 Rad8 23. Red1 Rxd1 24. Rxd1 Rxd1 25. Kxd1 Bg1 26. Bxf6
gxf6 27. h3 Bh2 28. g4 Be5 29. b3 1/2-1/2

[Event "16. Obert Int. Sant Martí 2014 Grupo B"]
[Site "Barcelona ESP"]
[Date "2014.07.16"]
[Round "4.12"]
[White "Lozano Diaz, Antoni"]
[Black "Baum, Jonasz"]
[Result "1/2-1/2"]
[WhiteElo "2015"]
[BlackElo "1632"]
[PlyCount "55"]
[EventDate "2014.07.13"]
[EventType "swiss"]
[EventRounds "9"]
[EventCountry "ESP"]
[Source "lmi"]
[SourceDate "2014.07.13"]

1. Nf3 d5 2. d4 Nf6 3. g3 e6 4. Bg2 Nbd7 5. O-O Be7 6. Bg5 h6 7. Bxf6 Bxf6 8.
Nbd2 O-O 9. e4 Nb6 10. e5 Be7 11. b3 c5 12. c3 Bd7 13. a4 cxd4 14. a5 dxc3 15.
Nb1 Rc8 16. Nd4 Na8 17. Qd3 Bb4 18. a6 b6 19. Rc1 Qc7 20. Nc2 Be7 21. f4 Qc5+
22. Kh1 Bb5 23. Qf3 d4 24. b4 Qc4 25. Nba3 Qd3 26. Nxb5 Qxb5 27. Nxd4 Qd7 28.
Nc6 1/2-1/2

[Event "16. Obert Int. Sant Martí 2014 Grupo B"]
[Site "Barcelona ESP"]
[Date "2014.07.16"]
[Round "4.13"]
[White "Garcia Espelta, Josep"]
[Black "Volart Buil, Jordi"]
[Result "1-0"]
[WhiteElo "2072"]
[BlackElo "1943"]
[PlyCount "121"]
[EventDate "2014.07.13"]
[EventType "swiss"]
[EventRounds "9"]
[EventCountry "ESP"]
[Source "lmi"]
[SourceDate "2014.07.13"]

1. e4 c5 2. Nc3 b6 3. g3 Bb7 4. Bg2 Nf6 5. d3 h6 6. f4 a6 7. Nf3 Qc7 8. O-O e6
9. h3 Be7 10. a4 Nc6 11. Ne2 e5 12. c4 d6 13. Nc3 Nd8 14. Bd2 Ne6 15. f5 Nd4
16. Nxd4 cxd4 17. Nd5 Bxd5 18. exd5 Bd8 19. a5 O-O 20. g4 Nd7 21. axb6 Qxb6 22.
b4 Bg5 23. Bxg5 hxg5 24. Qd2 f6 25. Ra2 Ra7 26. Rfa1 Rb8 27. Ra4 a5 28. bxa5
Qb2 29. Qxb2 Rxb2 30. R1a2 Rb1+ 31. Kf2 Nc5 32. R4a3 Kf7 33. Bf3 Ke7 34. Kg3
Kd7 35. Rh2 Ke7 36. h4 Rb3 37. Rxb3 Nxb3 38. hxg5 fxg5 39. f6+ Kxf6 40. Be4
Rxa5 41. Rf2+ Ke7 42. Bg6 Ra1 43. Rf7+ Kd8 44. Bf5 Nc5 45. Kf3 Re1 46. Rxg7
Re3+ 47. Kg2 Nxd3 48. Rd7+ Ke8 49. Rxd6 Nf4+ 50. Kf2 Rc3 51. Rc6 d3 52. Ke1 Rc2
53. Kd1 Re2 54. Bxd3 Ra2 55. Bf5 Ra3 56. d6 Ra8 57. d7+ Ke7 58. Rc8 Ra1+ 59.
Kc2 Ra2+ 60. Kb3 Rd2 61. Re8+ 1-0

[Event "16. Obert Int. Sant Martí 2014 Grupo B"]
[Site "Barcelona ESP"]
[Date "2014.07.16"]
[Round "4.14"]
[White "Vicente Soriano, Josep"]
[Black "Minhaz, Rashed"]
[Result "0-1"]
[WhiteElo "1962"]
[BlackElo "2086"]
[PlyCount "80"]
[EventDate "2014.07.13"]
[EventType "swiss"]
[EventRounds "9"]
[EventCountry "ESP"]
[Source "lmi"]
[SourceDate "2014.07.13"]

1. e4 Nf6 2. e5 Nd5 3. c4 Nb6 4. d4 d6 5. exd6 exd6 6. Be3 Be7 7. Nf3 O-O 8.
Bd3 Bg4 9. h3 Bh5 10. O-O Nc6 11. a3 a5 12. Nbd2 Bf6 13. Qc2 Bg6 14. Bxg6 fxg6
15. Ne4 d5 16. Nxf6+ gxf6 17. b3 Ne7 18. c5 Nd7 19. Rac1 Nf5 20. Rfe1 c6 21. g4
Nxe3 22. Rxe3 Re8 23. Rce1 Rxe3 24. Rxe3 Qf8 25. Qe2 Kf7 26. Kg2 Re8 27. Rxe8
Qxe8 28. Qxe8+ Kxe8 29. Ne1 b6 30. Nd3 bxc5 31. Nxc5 Nxc5 32. dxc5 Ke7 33. Kf3
Ke6 34. Ke3 g5 35. Kd4 f5 36. a4 f4 37. f3 h6 38. Kd3 Ke5 39. b4 Ke6 40. bxa5
Kd7 0-1

[Event "16. Obert Int. Sant Martí 2014 Grupo B"]
[Site "Barcelona ESP"]
[Date "2014.07.16"]
[Round "4.15"]
[White "Arroyo Vega, Valenti"]
[Black "Torres Julian, Marc"]
[Result "1/2-1/2"]
[WhiteElo "2084"]
[BlackElo "1959"]
[PlyCount "71"]
[EventDate "2014.07.13"]
[EventType "swiss"]
[EventRounds "9"]
[EventCountry "ESP"]
[Source "lmi"]
[SourceDate "2014.07.13"]

1. e4 e5 2. Nf3 Nc6 3. Bb5 Nf6 4. O-O Nxe4 5. d4 Nd6 6. Bxc6 dxc6 7. dxe5 Nf5
8. Qxd8+ Kxd8 9. Bg5+ Ke8 10. Nc3 h6 11. Bd2 Ne7 12. h3 Ng6 13. Be3 Be6 14.
Rfe1 Bb4 15. Bd2 Bxc3 16. Bxc3 c5 17. Nd2 Rd8 18. Kh2 Ke7 19. g3 Rd7 20. f4
Rhd8 21. Nf1 b5 22. a3 Kf8 23. Ne3 Ne7 24. g4 g6 25. Rad1 Rxd1 26. Rxd1 Rxd1
27. Nxd1 Nd5 28. Bd2 b4 29. f5 gxf5 30. Bxh6+ Kg8 31. gxf5 Bxf5 32. Ne3 Nxe3
33. Bxe3 bxa3 34. bxa3 Bxc2 35. Bxc5 a6 36. Kg3 1/2-1/2

[Event "16. Obert Int. Sant Martí 2014 Grupo B"]
[Site "Barcelona ESP"]
[Date "2014.07.16"]
[Round "4.16"]
[White "Fuertes Buisac, Bernat"]
[Black "Perez Garcia, Jose Miguel"]
[Result "1-0"]
[WhiteElo "2082"]
[BlackElo "1945"]
[PlyCount "63"]
[EventDate "2014.07.13"]
[EventType "swiss"]
[EventRounds "9"]
[EventCountry "ESP"]
[Source "lmi"]
[SourceDate "2014.07.13"]

1. d4 Nf6 2. c4 c5 3. d5 b5 4. Qc2 g6 5. e4 d6 6. Nf3 Bg7 7. h3 O-O 8. cxb5 a6
9. Nc3 axb5 10. Bxb5 Na6 11. O-O Nc7 12. Bc6 Ra6 13. Bg5 Bd7 14. Bxd7 Nxd7 15.
a4 f6 16. Be3 f5 17. Nb5 f4 18. Nxc7 Qxc7 19. Bd2 Ne5 20. Ng5 f3 21. Ne6 Qc8
22. Nxf8 Qxf8 23. Ra3 Rb6 24. Rb3 Ra6 25. g3 Qc8 26. Kh2 Ng4+ 27. hxg4 Qxg4 28.
Rh1 Bd4 29. Be3 Be5 30. Qd1 Kf7 31. Bf4 Bxf4 32. Qxf3 1-0

[Event "16. Obert Int. Sant Martí 2014 Grupo B"]
[Site "Barcelona ESP"]
[Date "2014.07.16"]
[Round "4.17"]
[White "Calafell Marques, Josep"]
[Black "Aprea, Daniele"]
[Result "0-1"]
[WhiteElo "1950"]
[BlackElo "2077"]
[PlyCount "102"]
[EventDate "2014.07.13"]
[EventType "swiss"]
[EventRounds "9"]
[EventCountry "ESP"]
[Source "lmi"]
[SourceDate "2014.07.13"]

1. e4 e6 2. d4 d5 3. Nc3 Nf6 4. e5 Ng8 5. f4 b6 6. Nf3 c5 7. dxc5 bxc5 8. Bb5+
Bd7 9. Qe2 Nh6 10. O-O Be7 11. Ng5 Bxb5 12. Nxb5 Nc6 13. Kh1 a6 14. Nc3 g6 15.
Qd1 Nf5 16. Ne2 h6 17. Nf3 Nh4 18. c3 Nxf3 19. Rxf3 g5 20. Qa4 Qd7 21. Qc2 d4
22. cxd4 cxd4 23. Bd2 Rd8 24. Qe4 Qd5 25. Qxd5 Rxd5 26. g3 h5 27. Rc1 Kd7 28.
Rc4 h4 29. Kg2 hxg3 30. Nxg3 gxf4 31. Rxf4 d3 32. Ra4 a5 33. Rxf7 Nxe5 34. Rg7
Rc8 35. Ne4 Rc2 36. b3 Ke8 37. Kg3 Kf8 38. Rh7 Nc6 39. Nc3 Rxd2 40. Nxd5 exd5
41. Rf4+ Ke8 42. Rf2 Bd6+ 43. Kf3 Ne5+ 44. Kg2 Rxf2+ 45. Kxf2 Ng4+ 46. Kf3 d2
47. Ke2 Bb4 48. a3 Bc3 49. Rh5 d4 50. Rh3 Ne3 51. Rxe3+ dxe3 0-1

[Event "16. Obert Int. Sant Martí 2014 Grupo B"]
[Site "Barcelona ESP"]
[Date "2014.07.16"]
[Round "4.18"]
[White "Ji, Pablo"]
[Black "Catarineu Rabell, Manel"]
[Result "1/2-1/2"]
[WhiteElo "1931"]
[BlackElo "2071"]
[PlyCount "56"]
[EventDate "2014.07.13"]
[EventType "swiss"]
[EventRounds "9"]
[EventCountry "ESP"]
[Source "lmi"]
[SourceDate "2014.07.13"]

1. e4 c5 2. Nf3 d6 3. d4 cxd4 4. Nxd4 Nf6 5. Nc3 a6 6. Be2 e6 7. Be3 Be7 8. O-O
O-O 9. Kh1 Nc6 10. f4 Qc7 11. Bf3 Bd7 12. Nb3 b5 13. a3 Rac8 14. Qe2 Ne8 15.
Qf2 Bf6 16. Bb6 Qb8 17. Rad1 Bxc3 18. bxc3 e5 19. f5 Ne7 20. Ba5 Bc6 21. Bb4
Rd8 22. Na5 Ba8 23. Rd2 Nf6 24. Rfd1 Nc8 25. Qh4 Rfe8 26. c4 bxc4 27. Nxc4 d5
28. Ne3 Nb6 1/2-1/2

[Event "16. Obert Int. Sant Martí 2014 Grupo B"]
[Site "Barcelona ESP"]
[Date "2014.07.16"]
[Round "4.20"]
[White "Arroyo Morales, Jaime"]
[Black "Fernandez Martin, Javier"]
[Result "0-1"]
[WhiteElo "1923"]
[BlackElo "2058"]
[PlyCount "84"]
[EventDate "2014.07.13"]
[EventType "swiss"]
[EventRounds "9"]
[EventCountry "ESP"]
[Source "lmi"]
[SourceDate "2014.07.13"]

1. d4 Nf6 2. Bg5 e6 3. e4 h6 4. Bxf6 Qxf6 5. Nf3 d6 6. c3 Nc6 7. Nbd2 Bd7 8.
Bd3 e5 9. dxe5 dxe5 10. Qe2 Bc5 11. Bb5 a6 12. Ba4 O-O 13. O-O Rfd8 14. Bxc6
Bxc6 15. b3 b5 16. Rac1 Rd7 17. c4 Ba3 18. Rc2 Rad8 19. Nb1 Be7 20. c5 b4 21.
Qxa6 Bxe4 22. Qxf6 gxf6 23. Rcc1 Bxf3 24. gxf3 Rd5 25. c6 Kg7 26. Rfe1 Kg6 27.
Kf1 Kf5 28. Ke2 Ra8 29. Rc2 Rda5 30. Rd2 Rxa2 31. Red1 Ke6 32. Ke1 Bc5 33. Rxa2
Rxa2 34. Rd2 Rxd2 35. Nxd2 f5 36. Nc4 Kd5 37. Ke2 f6 38. f4 e4 39. Na5 Bb6 40.
Nb7 Kxc6 41. Nd8+ Kd5 42. Nf7 h5 0-1

[Event "16. Obert Int. Sant Martí 2014 Grupo B"]
[Site "Barcelona ESP"]
[Date "2014.07.16"]
[Round "4.21"]
[White "Fuentes Barrientos, Carlos"]
[Black "Liarte Genoves, Sergi"]
[Result "0-1"]
[WhiteElo "1915"]
[BlackElo "2051"]
[PlyCount "64"]
[EventDate "2014.07.13"]
[EventType "swiss"]
[EventRounds "9"]
[EventCountry "ESP"]
[Source "lmi"]
[SourceDate "2014.07.13"]

1. e4 c5 2. Nc3 a6 3. a4 Nc6 4. f4 e6 5. Bc4 g6 6. Nf3 Bg7 7. O-O Nge7 8. Qe1
O-O 9. e5 Nf5 10. Ne2 d5 11. Ba2 b5 12. c3 d4 13. Bb1 d3 14. Ng3 Nxg3 15. Qxg3
Bb7 16. b3 c4 17. Ba3 Qb6+ 18. Kh1 Rfd8 19. bxc4 bxc4 20. Ba2 Na5 21. Bb4 Nb3
22. a5 Qb5 23. Bxb3 cxb3 24. Rfb1 Qc4 25. Ra3 Bh6 26. Ng5 Bxg5 27. Qxg5 b2 28.
Rxb2 Rd4 29. Be7 Rxf4 30. Kg1 Qe4 31. h3 Qe1+ 32. Kh2 Rf1 0-1

[Event "16. Obert Int. Sant Martí 2014 Grupo B"]
[Site "Barcelona ESP"]
[Date "2014.07.16"]
[Round "4.22"]
[White "Dougas Chavarria, Nestor"]
[Black "Martinez Ferrer, Rafael"]
[Result "1-0"]
[WhiteElo "2050"]
[BlackElo "1931"]
[PlyCount "87"]
[EventDate "2014.07.13"]
[EventType "swiss"]
[EventRounds "9"]
[EventCountry "ESP"]
[Source "lmi"]
[SourceDate "2014.07.13"]

1. d4 Nf6 2. Nc3 g6 3. e4 d6 4. f4 Bg7 5. Nf3 O-O 6. Bd3 Nbd7 7. e5 dxe5 8.
fxe5 Ne8 9. Qe2 c5 10. d5 Nb6 11. Bg5 f6 12. Bf4 Kh8 13. O-O-O Nxd5 14. Nxd5
Qxd5 15. Bc4 Qc6 16. h4 Bg4 17. h5 g5 18. h6 gxf4 19. hxg7+ Kxg7 20. Qd3 h5 21.
Bd5 Qb6 22. Qe4 f5 23. Qxf4 Qh6 24. Ng5 Nc7 25. Bxb7 Rab8 26. Bf3 Kg6 27. Nh3
Ne6 28. Qxh6+ Kxh6 29. Rd7 Rfe8 30. Rxa7 Nd4 31. Bxg4 fxg4 32. Nf4 Kg5 33. g3
Rh8 34. c3 Nf5 35. Ne6+ Kg6 36. Rg1 Rhc8 37. Ra6 Kh7 38. Nf4 Rd8 39. Nxh5 Rd3
40. Rh1 Kg8 41. Rg6+ Kf8 42. Nf4 Rxg3 43. Rh8+ Kf7 44. e6# 1-0

[Event "16. Obert Int. Sant Martí 2014 Grupo B"]
[Site "Barcelona ESP"]
[Date "2014.07.16"]
[Round "4.23"]
[White "Brandt, Stefan"]
[Black "Delgado Camara, Luis Felix"]
[Result "1-0"]
[WhiteElo "1889"]
[BlackElo "2047"]
[PlyCount "123"]
[EventDate "2014.07.13"]
[EventType "swiss"]
[EventRounds "9"]
[EventCountry "ESP"]
[Source "lmi"]
[SourceDate "2014.07.13"]

1. e4 e6 2. d3 d5 3. Nd2 c5 4. Ngf3 Nc6 5. g3 g6 6. Bg2 Bg7 7. O-O Nge7 8. Re1
b6 9. c3 O-O 10. e5 Qc7 11. Qe2 a5 12. Nf1 a4 13. a3 b5 14. Bf4 Na5 15. h4 Nb3
16. Rad1 b4 17. N1h2 Ra7 18. Ng4 Nf5 19. Bh3 Qd8 20. Bg5 Qb6 21. Nf6+ Kh8 22.
g4 Nh6 23. Qe3 d4 24. cxd4 cxd4 25. Qf4 Ng8 26. Nxg8 Kxg8 27. h5 f6 28. exf6 h6
29. hxg6 hxg5 30. f7+ Rfxf7 31. gxf7+ Rxf7 32. Qg3 Qd8 33. axb4 Bb7 34. Nd2
Nxd2 35. Rxd2 Rf3 36. Qh2 Rf4 37. Kf1 Qd6 38. Qg1 Qxb4 39. Rde2 Ba6 40. Qg3 Qb3
41. Rxe6 Bxd3+ 42. Kg1 Qc2 43. Bg2 Bc4 44. Re8+ Bf8 45. Be4 d3 46. Rf1 Rxe4 47.
Rxe4 d2 48. Rxc4 Qxc4 49. Qf3 Bg7 50. Rd1 Qd4 51. Qe2 Qxb2 52. Rxd2 Qc1+ 53.
Kg2 Qc6+ 54. Qf3 Qc8 55. Qd5+ Kf8 56. Qd6+ Kg8 57. Qd8+ Qxd8 58. Rxd8+ Kf7 59.
Ra8 Be5 60. Rxa4 Bf4 61. Kf3 Ke6 62. Rxf4 1-0

[Event "16. Obert Int. Sant Martí 2014 Grupo B"]
[Site "Barcelona ESP"]
[Date "2014.07.16"]
[Round "4.24"]
[White "Riu Lopez, Sergi"]
[Black "Corominas Garrido, Antoni"]
[Result "1-0"]
[WhiteElo "1882"]
[BlackElo "2034"]
[PlyCount "67"]
[EventDate "2014.07.13"]
[EventType "swiss"]
[EventRounds "9"]
[EventCountry "ESP"]
[Source "lmi"]
[SourceDate "2014.07.13"]

1. e4 c5 2. Nf3 Nc6 3. d4 cxd4 4. Nxd4 d6 5. Nc3 a6 6. Be3 Bd7 7. Bc4 e6 8. O-O
Nf6 9. Bb3 Be7 10. h3 O-O 11. f4 Na5 12. Kh1 Nxb3 13. Nxb3 b5 14. a3 Bc6 15. e5
dxe5 16. fxe5 Ne4 17. Qg4 h5 18. Qf3 Nxc3 19. Qxc6 Nd5 20. Rfd1 Qb8 21. Rxd5
exd5 22. Qxd5 Qc8 23. Nd4 Rd8 24. Qf3 g6 25. Rf1 Rf8 26. Bh6 Qc5 27. Bxf8 Rxf8
28. Qf4 Qd5 29. c3 Bc5 30. Nf3 Re8 31. Ng5 Rxe5 32. Nxf7 Re2 33. Qb8+ Kg7 34.
Qh8# 1-0

[Event "16. Obert Int. Sant Martí 2014 Grupo B"]
[Site "Barcelona ESP"]
[Date "2014.07.16"]
[Round "4.25"]
[White "Poyato Duran, David"]
[Black "Flores Liñan, Josep Luis"]
[Result "1/2-1/2"]
[WhiteElo "1878"]
[BlackElo "2016"]
[PlyCount "98"]
[EventDate "2014.07.13"]
[EventType "swiss"]
[EventRounds "9"]
[EventCountry "ESP"]
[Source "lmi"]
[SourceDate "2014.07.13"]

1. d4 Nf6 2. c4 g6 3. Nc3 Bg7 4. e4 d6 5. f4 O-O 6. Nf3 c5 7. d5 Na6 8. Be2 Bd7
9. O-O Nc7 10. Be3 Ng4 11. Qd2 Nxe3 12. Qxe3 a6 13. a4 b5 14. axb5 axb5 15.
Rxa8 Qxa8 16. Nxb5 Nxb5 17. cxb5 Bxb2 18. Qb3 Qa3 19. Qxa3 Bxa3 20. Ra1 Ra8 21.
Kf1 Ra5 22. b6 Bc8 23. Nd2 Bb4 24. Rxa5 Bxa5 25. Nc4 Bc3 26. e5 Bb7 27. exd6
exd6 28. Nxd6 Bxd5 29. b7 Bxb7 30. Nxb7 Bd4 31. Bc4 Kg7 32. Ke2 f5 33. Kf3 Kf6
34. Nd6 h6 35. h4 g5 36. fxg5+ hxg5 37. h5 g4+ 38. Ke2 Be5 39. Nf7 Bd4 40. h6
Kg6 41. Nd6 Be5 42. h7 Kxh7 43. Nxf5 Kg6 44. Ne3 Kg5 45. Be6 Bd4 46. Nxg4 Kf4
47. Nf2 Kg3 48. Ne4+ Kxg2 49. Nxc5 Bxc5 1/2-1/2

[Event "16. Obert Int. Sant Martí 2014 Grupo B"]
[Site "Barcelona ESP"]
[Date "2014.07.16"]
[Round "4.26"]
[White "Tadevosyan, Galust"]
[Black "Serra Vilaro, Agusti"]
[Result "1-0"]
[WhiteElo "1843"]
[BlackElo "2013"]
[PlyCount "51"]
[EventDate "2014.07.13"]
[EventType "swiss"]
[EventRounds "9"]
[EventCountry "ESP"]
[Source "lmi"]
[SourceDate "2014.07.13"]

1. e4 d5 2. exd5 Qxd5 3. Nc3 Qd6 4. d4 Nf6 5. Bc4 a6 6. Nge2 b5 7. Bd3 Bb7 8.
f3 Nbd7 9. Bf4 Qb6 10. Qd2 e6 11. Ne4 Nd5 12. Bg3 Nb4 13. Bf2 Nxd3+ 14. Qxd3
Qc6 15. O-O Be7 16. Rac1 Nf6 17. N2g3 h5 18. c4 b4 19. Nxf6+ gxf6 20. d5 Qd7
21. Rfe1 O-O-O 22. Qe3 e5 23. Qe4 h4 24. Nf5 Rh5 25. Nxe7+ Qxe7 26. Qg4+ 1-0

[Event "16. Obert Int. Sant Martí 2014 Grupo B"]
[Site "Barcelona ESP"]
[Date "2014.07.16"]
[Round "4.27"]
[White "Pascual Gonzalez-Novelles, Carles"]
[Black "Collell Rodriguez, Victor"]
[Result "1-0"]
[WhiteElo "2010"]
[BlackElo "1911"]
[PlyCount "63"]
[EventDate "2014.07.13"]
[EventType "swiss"]
[EventRounds "9"]
[EventCountry "ESP"]
[Source "lmi"]
[SourceDate "2014.07.13"]

1. e4 e5 2. Nf3 Nc6 3. Bc4 Nf6 4. d3 Bc5 5. c3 d6 6. O-O Be6 7. Bb5 a6 8. Ba4
b5 9. Bc2 Ba7 10. h3 O-O 11. Be3 d5 12. exd5 Bxd5 13. Bxa7 Rxa7 14. Re1 Re8 15.
Nbd2 Nd7 16. Nf1 f6 17. Ne3 Be6 18. Nh4 Kh8 19. d4 exd4 20. cxd4 Bf7 21. Nhf5
Nb6 22. Qg4 Bg6 23. h4 Bxf5 24. Nxf5 Rxe1+ 25. Rxe1 g6 26. Qe4 gxf5 27. Qxc6
Qxd4 28. Qe8+ Kg7 29. Re7+ Kh6 30. Bxf5 Qd1+ 31. Kh2 Qd6+ 32. Kh3 1-0

[Event "16. Obert Int. Sant Martí 2014 Grupo B"]
[Site "Barcelona ESP"]
[Date "2014.07.16"]
[Round "4.28"]
[White "Ramos Alvarez, Maximo"]
[Black "Albert Estebanez, Carlos"]
[Result "0-1"]
[WhiteElo "2001"]
[BlackElo "1890"]
[PlyCount "120"]
[EventDate "2014.07.13"]
[EventType "swiss"]
[EventRounds "9"]
[EventCountry "ESP"]
[Source "lmi"]
[SourceDate "2014.07.13"]

1. e4 c5 2. Nf3 a6 3. Nc3 Nc6 4. d4 cxd4 5. Nxd4 e6 6. Be3 Nge7 7. Qd2 d5 8.
Nxc6 bxc6 9. Bc5 Qc7 10. f4 Ng6 11. Bxf8 Nxf8 12. exd5 cxd5 13. O-O-O Ng6 14.
f5 exf5 15. Nxd5 Qc6 16. Qb4 Be6 17. Bc4 Rc8 18. Bb3 a5 19. Qa3 Qc5 20. Ba4+
Kf8 21. Qxc5+ Rxc5 22. Nc3 Ke7 23. Rhe1 Rhc8 24. Bb3 Re5 25. Rxe5 Nxe5 26. Re1
f6 27. Bxe6 Kxe6 28. Rd1 Rc4 29. Ne2 Kf7 30. Nd4 f4 31. b3 Rc7 32. Rf1 g5 33.
Kd2 Ng4 34. c4 a4 35. Kc3 axb3 36. axb3 Ne3 37. Rg1 h5 38. g4 fxg3 39. hxg3 Kg6
40. Kd3 Ng4 41. b4 Ne5+ 42. Ke3 Nxc4+ 43. Ke4 Rb7 44. b5 Nd6+ 45. Kd5 Nxb5 46.
Kc6 Nxd4+ 47. Kxb7 g4 48. Kc7 Kg5 49. Rd1 Ne2 50. Rd5+ f5 51. Rd3 h4 52. gxh4+
Kxh4 53. Kd6 g3 54. Ke5 g2 55. Rd8 f4 56. Ke4 g1=Q 57. Rh8+ Kg3 58. Rg8+ Kf2
59. Rxg1 Kxg1 60. Kf3 Kf1 0-1